Welcome to WEB OPAC of MRSPTU Central Library

Metal cutting principles (Record no. 5897)

MARC details
000 -LEADER
fixed length control field 00421nam a2200169Ia 4500
008 - FIXED-LENGTH DATA ELEMENTS--GENERAL INFORMATION
fixed length control field 230711s9999||||xx |||||||||||||| ||und||
020 ## - INTERNATIONAL STANDARD BOOK NUMBER
International Standard Book Number 978-0-19-808611-6
041 ## - LANGUAGE CODE
Language code of text/sound track or separate title ENG
082 ## - DEWEY DECIMAL CLASSIFICATION NUMBER
Classification number 671.53
Item number SH-M
100 ## - MAIN ENTRY--PERSONAL NAME
Personal name Shaw,Milton C
245 #0 - TITLE STATEMENT
Title Metal cutting principles
250 ## - EDITION STATEMENT
Edition statement 1st Ed.
260 ## - PUBLICATION, DISTRIBUTION, ETC.
Date of publication, distribution, etc. 2006
Place of publication, distribution, etc. New Delhi
Name of publisher, distributor, etc. Oxford University Press
300 ## - PHYSICAL DESCRIPTION
Extent 651p.
650 ## - SUBJECT ADDED ENTRY--TOPICAL TERM
Topical term or geographic name entry element Mechanical Engineering
942 ## - ADDED ENTRY ELEMENTS (KOHA)
Koha item type Book
Holdings
Withdrawn status Lost status Damaged status Not for loan Collection Home library Current library Date acquired Cost, normal purchase price Inventory number Total checkouts Full call number Barcode Date last seen Price effective from Koha item type Source of acquisition
          MRSPTU Central Library MRSPTU Central Library   575.00 742483   671.53 SH-M 31717 08/17/2023 08/17/2023 Book  
          MRSPTU Central Library MRSPTU Central Library   575.00 742483   671.53 SH-M 31718 08/17/2023 08/17/2023 Book  
          MRSPTU Central Library MRSPTU Central Library   575.00 742483   671.53 SH-M 31719 08/17/2023 08/17/2023 Book  
          MRSPTU Central Library MRSPTU Central Library   575.00 742483   671.53 SH-M 31720 08/17/2023 08/17/2023 Book  
          MRSPTU Central Library MRSPTU Central Library   575.00 742483   671.53 SH-M 31721 08/17/2023 08/17/2023 Book  
          MRSPTU Central Library MRSPTU Central Library   575.00 742483   671.53 SH-M 31722 08/17/2023 08/17/2023 Book  
          MRSPTU Central Library MRSPTU Central Library 09/06/2043 575.00 KBD/2017-2018/1019643059   671.53 SH-M 39993 08/17/2023 08/17/2023 Book Krishna Book Distributors
          MRSPTU Central Library MRSPTU Central Library 09/06/2043 575.00 KBD/2017-2018/1019643059   671.53 SH-M 39994 08/17/2023 08/17/2023 Book Krishna Book Distributors
          MRSPTU Central Library MRSPTU Central Library 09/06/2043 575.00 KBD/2017-2018/1019643059   671.53 SH-M 39995 08/17/2023 08/17/2023 Book Krishna Book Distributors
          MRSPTU Central Library MRSPTU Central Library 09/06/2043 575.00 KBD/2017-2018/1019643059   671.53 SH-M 39996 08/17/2023 08/17/2023 Book Krishna Book Distributors
          MRSPTU Central Library MRSPTU Central Library 09/06/2043 575.00 KBD/2017-2018/1019643059   671.53 SH-M 39997 08/17/2023 08/17/2023 Book Krishna Book Distributors
          MRSPTU Central Library MRSPTU Central Library 09/06/2043 575.00 KBD/2017-2018/1019643059   671.53 SH-M 39998 08/17/2023 08/17/2023 Book Krishna Book Distributors

Website Designed and Developed by MRSPTU Central Library Team

E-mail Id: librarian@mrsptu.ac.in